Los Compromisos ambientales de Centroamérica: II
Furkejuvvon:
| Materiálatiipa: | Texto |
|---|---|
| Fáttát: | |
| Fáddágilkorat: |
Lasit fáddágilkoriid
Eai fáddágilkorat, Lasit vuosttaš fáddágilkora!
|
MARC
| LEADER | 00000 a a2200000 04500 | ||
|---|---|---|---|
| 001 | 6602 | ||
| 003 | |||
| 040 | |||
| 245 | |a Los Compromisos ambientales de Centroamérica: II | ||
| 650 | |a MEDIO AMBIENTE | ||
| 650 | |a SALUD PUBLICA | ||
| 650 | |a DESARROLLO SOSTENIBLE | ||
| 773 | |g volumen 23, número 1015; páginas 15-16 | ||
| 999 | |c 39242 |d 39242 | ||
